| 000 | 00440nam a22001457a 4500 | ||
|---|---|---|---|
| 020 | _a9781090432599 | ||
| 082 |
_a448.2 _bMAS |
||
| 100 | _aMastery, Lingo | ||
| 245 |
_a2000 Most Common Portuguese Words in Context / _cLingo Mastery |
||
| 260 |
_bLingo Mastery, _c2019. |
||
| 300 | _a283p. ; | ||
| 563 | _aP.B | ||
| 650 |
_aGet Fluent & Increase Your Portuguese Vocabulary with 2000 Portuguese Phrases _9130986 |
||
| 942 |
_2ddc _cBK |
||
| 999 |
_c615108 _d615108 |
||